Eastern Utah Libraries Catalog: Duchesne, Heber, Roosevelt, & Vernal

Supertrucks / (Record no. 279399)

MARC details
000 -LEADER
fixed length control field 01381cam a22004214a 4500
001 - CONTROL NUMBER
control field ocn774016643
003 - CONTROL NUMBER IDENTIFIER
control field OCoLC
005 - DATE AND TIME OF LATEST TRANSACTION
control field 20200320190613.0
008 - FIXED-LENGTH DATA ELEMENTS--GENERAL INFORMATION
fixed length control field 120125s2012 mnua j 001 0 eng
010 ## - LIBRARY OF CONGRESS CONTROL NUMBER
LC control number 2011051438
020 ## - INTERNATIONAL STANDARD BOOK NUMBER
International Standard Book Number 9781848585669 (hardcover, library bound)
020 ## - INTERNATIONAL STANDARD BOOK NUMBER
International Standard Book Number 1848585667 (hardcover, library bound)
020 ## - INTERNATIONAL STANDARD BOOK NUMBER
Terms of availability 19.95
029 1# - (OCLC)
OCLC library identifier NZ1
System control number 14334417
035 ## - SYSTEM CONTROL NUMBER
System control number (OCoLC)774016643
040 ## - CATALOGING SOURCE
Original cataloging agency DLC
Language of cataloging eng
Transcribing agency DLC
Modifying agency BTCTA
-- BDX
-- IG#
-- OCLCO
-- WACOL
042 ## - AUTHENTICATION CODE
Authentication code pcc
049 ## - LOCAL HOLDINGS (OCLC)
Holding library WACL
050 00 - LIBRARY OF CONGRESS CALL NUMBER
Classification number TL230.15
Item number .H369 2012
082 00 - DEWEY DECIMAL CLASSIFICATION NUMBER
Classification number 629.224
Edition number 23
092 ## - LOCALLY ASSIGNED DEWEY CALL NUMBER (OCLC)
Classification number J629.2
Item number Har
100 1# - MAIN ENTRY--PERSONAL NAME
Personal name Harrison, Paul,
Dates associated with a name 1969-
9 (RLIN) 5875372
245 10 - TITLE STATEMENT
Title Supertrucks /
Statement of responsibility, etc by Paul Harrison.
260 ## - PUBLICATION, DISTRIBUTION, ETC. (IMPRINT)
Place of publication, distribution, etc Mankato, Minn. :
Name of publisher, distributor, etc Arcturus Pub.,
Date of publication, distribution, etc 2012.
300 ## - PHYSICAL DESCRIPTION
Extent 32 p. :
Other physical details ill. ;
Dimensions 28 cm.
490 0# - SERIES STATEMENT
Series statement Mean machines
500 ## - GENERAL NOTE
General note Includes index.
650 #0 - SUBJECT ADDED ENTRY--TOPICAL TERM
Topical term or geographic name as entry element Monster trucks
Form subdivision Juvenile literature.
9 (RLIN) 5706417
650 #0 - SUBJECT ADDED ENTRY--TOPICAL TERM
Topical term or geographic name as entry element Racing trucks
Form subdivision Juvenile literature.
9 (RLIN) 5875373
650 #0 - SUBJECT ADDED ENTRY--TOPICAL TERM
Topical term or geographic name as entry element Trucks
Form subdivision Juvenile literature.
9 (RLIN) 5706418
938 ## -
-- Baker and Taylor
-- BTCP
-- BK0010953000
938 ## -
-- Brodart
-- BROD
-- 103241019
938 ## -
-- Ingram
-- INGR
-- 9781848585669
942 ## - ADDED ENTRY ELEMENTS (KOHA)
Koha item type BOOK
948 ## - LOCAL PROCESSING INFORMATION (OCLC); SERIES PART DESIGNATOR (RLIN)
Series part designator, SPT (RLIN) 12/12/2012
z (OCLC) Sirsi
994 ## -
-- 02
-- WACOL
996 ## -
-- 94519
-- 34301001128703
-- JNF
-- bk
-- wcl
-- i
-- 16
-- 19.95
-- lookout
-- 629.224 Har
-- 12/12/2012
-- 10/22/2019
-- 10/03/2019
Holdings
Withdrawn status Lost status Source of classification or shelving scheme Damaged status Not for loan Collection code Home library Current library Shelving location Date acquired Cost, normal purchase price Total Checkouts Total Renewals Full call number Barcode Date last seen Date checked out Cost, replacement price Price effective from Koha item type
    Dewey Decimal Classification     Junior NonFiction Wasatch County Library Wasatch County Library Second Floor 12/12/2012 19.95 21 4 J 629.224 Har 34301001128703 12/26/2025 03/14/2025 19.95 03/20/2020 BOOK
This project was made possible through a grant from the Institute of Museum and Library Service administered by the Utah State Library Division.

Wasatch County Library

  • 465 East 1200 South, Heber City, Utah 84032
  • Phone 435-654-1511 | Fax 435-654-6456

Hours

  • Monday - Friday 9:30 AM - 8:00 PM
  • Saturday 9:30 AM - 1:30 PM
  • Closed Sundays and Holidays